000 00917nam a22001697a 4500
008 120330t xxu||||| |||| 00| 0 eng d
020 _a0071402306
050 _aHD4928.S74 W35
100 _aWalker, Beth V.
245 _aAn employee's guide to stock options /
_cBeth V. Walker.
260 _aNew York:
_bMcGraw Hill,
_cc2003.
300 _aix, 250 p. :
_bill. ;
_c22cm.
500 _aIncludes index.
505 _aContents: A Stock option is just like sex -- A Look in the mirror -- Types of employee stock options -- What are your options really worth? -- Uncle Sam...your wealthiest relative -- The Nine most common mistakes to avoid with stock options -- Graduating from an employee to an owner -- Optioneering -- Recruiting your team of advisers -- The Optionaire next door -- Your options with your options -- Appendixes -- A Glossary of equity compensation terms.
650 _bStock options
942 _2lcc
_cBK
999 _c697
_d8197